000 00298nam a22001337a 4500
008 260305b ||||| |||| 00| 0 eng d
020 _a9789951411639
041 _aShqip
080 _a2.1
100 _a20.1
101 _aRoman
245 _aFemina Litterarum
_cResmije Kryeziu
942 _2lcc
_cBK
999 _c60867
_d60867